| 000 | 00722nam a22001937a 4500 | ||
|---|---|---|---|
| 999 |
_c164245 _d164245 |
||
| 005 | 20190514161806.0 | ||
| 010 | _aUR-10117 | ||
| 020 |
_c250.00 _a9789387829640 |
||
| 035 | _aU-8672 | ||
| 037 | _bDBAD/PUB | ||
| 082 | _a270 | ||
| 100 | _aمحمد حفظ ا لر حما ن | ||
| 245 |
_aد لی کے بتيس خو ا جہ کی چو کھٹ _cمحمد حفظ ا لر حما ن |
||
| 246 |
_bDilli ke Batees Khwaja ki Chaukhat(Urdu) _aby Dr. Mohd. Hifzur Rehman |
||
| 260 |
_a Delhi _bEducational Publishing House _c2018 ء |
||
| 270 |
_a3191،Vakil Street,Kucha Pandit,Lal Kuan, _bDelhi _e110006 _k23216162 _l00911123211540 |
||
| 300 |
_a263ص _c22 Cm.(bk) |
||
| 942 |
_2ddc _cUR _h270 _mم ح م |
||